00330nam a2200109Ia 4500008004100000020003500041082002000076100004500096245002800141260003100169300002000200210428s9999 xx 000 0 und d a0849399181 (hardcover) | 97808 a621.4022 H597 P aHewitt, G. L. Shires , T. Reg Bott G. F. 0aProcess heat transfer / bCRC-Press,a[S.l.] :c1994 a1042 p. ;26 cm.